LEADER 01022naa a2200193 u 4500 001 000000095666 003 CaOOAMICUS 005 20070226130143.0 008 040709s1963 gw u000 u spa u 035 $a11003897 040 $aIAR$bita 100 1 $aGómez Nogales, Salvador.$0(OLS)http://pul/name/43979 245 10$aProblemas metafísicoa en la España musulmana contemporánes de Averroes /$cSalvador Gómez Nogales. 260 $aBerlin :$bW. de Gruyter,$c1963. 300 $aS. 403-413, ;$c25 cm 773 0 $aDie Metaphysik im Mittelalter - ihr Ursprung und ihre Bedeutung. 773 0 $aCongrés international de philosophie médiévale.$tDie Metaphysik im Mittelalter, ihr Ursprung und ihre Bedeutung : Vorträge des II. Internationalen Kongresses für mittelalterliche Philosophie, Köln 31. August - 6. September 1961$w()12913 996 $6245$aProblemas metafísicoa en la España musulmana contemporánes de Averroes$9(OLS)http://pul/title/122542 996 $6260$aBerlin :$bW. de Gruyter$9(OLS)http://pul/publisher/48032 LEADER 01372nam a2200313 u 4500 001 000000051201 003 CaOOAMICUS 005 20070226115318.0 008 000912s1994 it u000 u ita u 020 $a8870482545 035 $a10855183 040 $aPUL$bita$dPUL(R)$dPUL(R) 041 0 $aita$afre$aeng 245 00$aFilosofia donne filosofie :$batti del convegno internazionale, Lecce, 27-30 aprile 1992 /$ca cura di Marisa Forcina, Angelo Prontera, Pia Italia Vergine. 260 $aLecce :$bMilella,$cc1994. 300 $a977 p. ;$c24 cm 504 $aComprende indicazioni bibliografiche. 650 4$aDonna$xPsicologia.$0(OLS)http://pul/subject/21507 650 4$aFilosofia.$0(OLS)http://pul/subject/362 700 1 $aForcina, Marisa.$0(OLS)http://pul/name/36767 700 1 $aVergine, Pia Italia.$0(OLS)http://pul/name/36769 700 1 $aProntera, Angelo.$0(OLS)http://pul/name/36768 850 $aPUL 852 $aPUL$W1$xSL Filosofia 1$y2$m96 H 193$j67843$nBK-PRI$b $qStampati$B67843$CPULBib$Z2$F67843 $H $81 941 1 $a8 961 $aINV: 82631 996 $6020$a8870482545$9(OLS)http://pul/number/64793 996 $6245$aFilosofia donne filosofie :$batti del convegno internazionale, Lecce, 27-30 aprile 1992$9(OLS)http://pul/title/68831 996 $6260$aLecce :$bMilella$9(OLS)http://pul/publisher/55071